000 00715nam a2200229 i 4500
001 92599
003 ES-MaACL
005 20250812224802.0
007 t|
008 050406s2004 sp ||||1| spa d
020 _a84-206-4575-3
080 _a821.133.1(569.3)-94"19"
100 0 _aMaalouf, Amin,
_d1949-
_974991
245 1 0 _aOrígenes /
_cAmin Maalouf ; traducido del francés por María Teresa Gallego Urrutia.
260 _aMadrid :
_bAlianza Editorial,
_c[2004]
300 _a542 p. ;
_c24 cm.
490 1 _aAlianza literaria
700 1 _aGallego Urrutia, María Teresa.
_953590
830 0 0 _aAlianza literaria
_9179757
852 _aES-MaACL
_jL-29030
_bR.135477
999 _c92599
_d92599